Countries that expressed Support for Palestine in Israel-Hamas War - Statistics

General Stats
  • This quiz has been taken 841 times
    372 since last reset
  • The average score is 37 of 67
Answer Stats
Hint Answer % Correct
Europe Russia
87%
Asia Iran
82%
Africa Algeria
80%
Asia China
80%
Asia Iraq
80%
Asia Syria
78%
Asia Saudi Arabia
76%
Asia Yemen
76%
Asia Lebanon
75%
Asia Turkey
74%
Asia Pakistan
73%
Asia Afghanistan
72%
Asia Oman
72%
Africa Tunisia
72%
Africa Libya
71%
Asia North Korea
71%
Asia Qatar
71%
Asia Indonesia
68%
Americas Venezuela
68%
Americas Brazil
67%
Africa Sudan
67%
Africa Niger
66%
Americas Cuba
65%
Asia Bangladesh
64%
Asia Kuwait
64%
Europe Spain
64%
Americas Colombia
63%
Africa Somalia
63%
Asia Malaysia
61%
Africa Mali
61%
Europe Ireland
60%
Africa South Africa
60%
Asia Armenia
59%
Africa Chad
58%
Africa Mauritania
57%
Europe Belarus
55%
Americas Bolivia
51%
Asia Brunei
51%
Europe Norway
51%
Asia Laos
48%
Africa Senegal
47%
Asia Myanmar
46%
Americas Nicaragua
46%
Asia Tajikistan
46%
Africa Djibouti
45%
Asia Kyrgyzstan
45%
Africa Eritrea
43%
Asia Maldives
43%
Africa Congo
42%
Africa Guinea
41%
Americas Guyana
41%
Americas Antigua and Barbuda
40%
Americas Bahamas
39%
Africa Comoros
39%
Americas Belize
38%
Africa Gambia
38%
Americas Barbados
37%
Asia Sri Lanka
37%
Africa Zimbabwe
36%
Europe Slovenia
35%
Americas Trinidad and Tobago
35%
Africa Central African Republic
34%
Africa Benin
33%
Americas Jamaica
33%
Africa Namibia
33%
Africa Burundi
30%
Americas Saint Lucia
29%
No matching quizzes found
Score Distribution
Percent of People with Each Score
Percentile by Number Answered
Your Score History
You have not taken this quiz since the last reset